Derecho internacional teórico y práctico de Europa y América

Αποθηκεύτηκε σε:
Λεπτομέρειες βιβλιογραφικής εγγραφής
Κύριος συγγραφέας: Calvo, Carlos (Συγγραφέας)
Μορφή: Βιβλίο
Γλώσσα:Ισπανικά
Έκδοση: París D'Amyot 1868
Θέματα:
Ετικέτες: Προσθήκη ετικέτας
Δεν υπάρχουν, Καταχωρήστε ετικέτα πρώτοι!

MARC

LEADER 00000nam a2200000 a 4500
001 UCT9255
003 CL-VaPUC
008 970404e18680000FR |||||||||||||||||spa|d
082 0 4 |a 341.01  |b CAL  |2 21 
100 0 |a Calvo, Carlos  |e author  |9 381810 
245 1 0 |a Derecho internacional teórico y práctico de Europa y América 
300 |a 2 v 
942 |c BK 
945 |d 19970404 00:00:00  |a paguirre 
260 |a París  |b D'Amyot  |c 1868 
650 0 |a Derecho internacional  |9 255637 
650 0 |a Relaciones Internacionales  |9 255740 
650 0 |a Historia  |9 255047 
650 0 |a Soberanía  |9 266726 
650 0 |a Fuentes del derecho   |9 255162 
650 0 |a Conflicto internacional  |9 341259 
650 0 |a Derecho de los estados   |9 335493 
650 0 |a Guerra  |9 255876 
651 0 |a Europa  |9 255156 
651 0 |a América  |9 255182 
583 |a last modification  |c 19970404 00:00:00  |k Rodrigo Vera 
999 |c 257672  |d 257670 
952 |0 0  |1 0  |4 0  |6 341_010000000000000_CAL_1868  |7 0  |8 X  |9 281264  |a BIBDER  |b BIBDER  |d 2019-11-19  |h v.1  |i 181947K  |o 341.01 CAL 1868  |p 181947K  |r 2023-01-25  |w 2019-11-19  |y BK_X  |k DER 
952 |0 0  |1 0  |4 0  |6 341_010000000000000_CAL_1868  |7 0  |8 X  |9 281265  |a BIBDER  |b BIBDER  |d 2019-11-19  |h v.2  |i 1819488  |o 341.01 CAL 1868  |p 1819488  |r 2023-01-25  |w 2019-11-19  |y BK_X  |k DER